Working Capital Management and Control Principle and Applications (Record no. 511)

MARC details
005 - DATE AND TIME OF LATEST TRANSACTION
control field 20250312172500.0
020 ## - INTERNATIONAL STANDARD BOOK NUMBER
International Standard Book Number 978-81-224-2835-3
082 ## - DEWEY DECIMAL CLASSIFICATION NUMBER
Classification number 332 MAT
100 ## - MAIN ENTRY--PERSONAL NAME
Author name MATHUR, S. B.
245 ## - TITLE STATEMENT
Title Working Capital Management and Control Principle and Applications
250 ## - EDITION STATEMENT
Edition statement 2nd Ed.
260 ## - PUBLICATION, DISTRIBUTION, ETC.
Place of publication, distribution, etc. New Delhi,
Name of publisher, distributor, etc. New Age International,
Date of publication, distribution, etc. 2013.
300 ## - PHYSICAL DESCRIPTION
Extent xxii, 514p.: ill.; table.
Other physical details Index.
Dimensions 25cm.
856 ## - ELECTRONIC LOCATION AND ACCESS
Link text Access online book
Electronic name Capital
Path www.newagepublishers.com
942 ## - ADDED ENTRY ELEMENTS (KOHA)
Source of classification or shelving scheme Dewey Decimal Classification
Koha item type Books
Holdings
Date last seen Total checkouts Full call number Barcode Cost, replacement price Price effective from Koha item type Lost status Source of classification or shelving scheme Damaged status Not for loan Withdrawn status Home library Current library Shelving location Date acquired Cost, normal purchase price
03/12/2025   332 MAT 0000002113 38052.00 03/12/2025 Books   Dewey Decimal Classification       College of Business Education Main Library College of Business Education Main Library General Collection 03/12/2025 12684.00
03/12/2025   332 MAT 0000002114 38052.00 03/12/2025 Books   Dewey Decimal Classification       College of Business Education Main Library College of Business Education Main Library General Collection 03/12/2025 12684.00
03/12/2025   332 MAT 0000002115 38052.00 03/12/2025 Books   Dewey Decimal Classification       College of Business Education Main Library College of Business Education Main Library General Collection 03/12/2025 12684.00